My wonderful mother goose / (Record no. 111667)
[ view plain ]
| 000 -LEADER | |
|---|---|
| fixed length control field | 00399nam a2200145 a 4500 |
| 001 - CONTROL NUMBER | |
| control field | 1883 |
| 005 - DATE AND TIME OF LATEST TRANSACTION | |
| control field | 20140414131919.0 |
| 008 - FIXED-LENGTH DATA ELEMENTS--GENERAL INFORMATION | |
| fixed length control field | 020411s19uu xx 00 eng d |
| 050 ## - LIBRARY OF CONGRESS CALL NUMBER | |
| Classification number | ER |
| Item number | M99 1997 |
| 245 ## - TITLE STATEMENT | |
| Title | My wonderful mother goose / |
| Statement of responsibility, etc | pictures by Taro Semba, Keiko Makimura. |
| 260 ## - PUBLICATION, DISTRIBUTION, ETC. (IMPRINT) | |
| Place of publication, distribution, etc | Tokyo : |
| Name of publisher, distributor, etc | Froebel-kan, |
| Date of publication, distribution, etc | 1997. |
| 300 ## - PHYSICAL DESCRIPTION | |
| Extent | 1 v. p. : ill. ; cm. |
| 650 ## - SUBJECT ADDED ENTRY--TOPICAL TERM | |
| Topical term or geographic name as entry element | Rhymes. |
| Withdrawn status | Lost status | Damaged status | Use restrictions | Home library | Current library | Shelving location | Date acquired | Source of acquisition | Total Checkouts | Full call number | Barcode | Date last seen | Price effective from | Koha item type |
|---|---|---|---|---|---|---|---|---|---|---|---|---|---|---|
| Munich Library | Munich Library | Easy Reading Section | 12/29/2004 | ER M99 1997 | M2522 | 04/14/2014 | 04/14/2014 | Books |